000 00743nam a22002537a 4500
999 _c33221
_d33221
001 2276
003 CO-MdFUSB
005 20170829091856.0
008 170829t1979 e ||||| |||| 00| 0 eng d
020 _a0-85111-833-X
040 _aCO-MdFUSB
_bspa
_cCO-MdFUSB
_dCO-MdFUSBC
_erda
041 0 _aeng
082 0 4 _aG 222.7 K467e
100 1 _aKidner, Derek
_eautor
245 1 0 _aEzra and Nehemiah
_b: An introduction and commentary
_c/ Derek Kidner
264 4 _aLeicester, England :
_b InterVarsity,
_c©1979
300 _a174 Pag
336 _2rdacontent
_a1
_ba1
337 _2rdamedia
_a2
_b5
338 _2rdacarrier
_a2
_b5
653 _aBiblia A.T.- Esdras - Comentarios
653 _aBiblia A.T.- Nehemías - Comentarios
942 _cBK